[Event "Cairo op"]
[Site "Cairo"]
[Date "1996.??.??"]
[Round "10"]
[White "Labib, Ibrahim Hasan"]
[Black "Moh Abdel, Zaher"]
[Result "1-0"]
[WhiteElo "2195"]
[BlackElo "2285"]
[PlyCount "79"]
[EventDate "1996.??.??"]
[EventType "swiss"]
[EventRounds "10"]
[EventCountry "EGY"]
[SourceTitle "EXT 1998"]
[Source "ChessBase"]
[SourceDate "1997.11.17"]
[SourceVersion "1"]
[SourceVersionDate "1997.11.17"]
[SourceQuality "1"]

1. e4 c5 2. Nf3 d6 3. d4 cxd4 4. Nxd4 Nf6 5. Nc3 Nc6 6. Bg5 e6 7. Qd2 Be7 8. 0-0-0 0-0 9. f4 Nxd4 10. Qxd4 Qa5 11. Bc4 Rd8 12. e5 dxe5 13. Qxe5 Rxd1+ 14. Rxd1 Qb6 15. Bxf6 Bxf6 16. Nd5 Qxb2+ 17. Qxb2 Bxb2+ 18. Kxb2 exd5 19. Bxd5 g6 20. Rd3 Rb8 21. Rc3 Be6 22. Bxe6 fxe6 23. Rc7 a5 24. Kc3 b5 25. Kd4 Rf8 26. g3 g5 27. fxg5 Rf2 28. h4 Rf3 29. Rc5 Rxg3 30. Rxb5 Rh3 31. c4 Rh2 32. c5 Kf7 33. h5 Rd2+ 34. Ke4 Rd5 35. Rb7+ Ke8 36. Kf4 Rf5+ 37. Kg4 Rxc5 38. h6 Rc1 39. Rxh7 Rg1+ 40. Kh5 1-0